000 02374nam a22006737a 4500
003 OSt
005 20230420113337.0
008 221006b |||||||| |||| 00| 0 eng d
040 _cBiblioteca Lado V
082 _a700
_bZ39a
100 _9802
_aZaya, Antonio
_eeditor
_edirector
245 _aAtalantica/
_bRevista de Arte y Pensamiento | Especial/
260 _bCentro Atlantico de Arte Moderno
_c1995
_aEspaña
300 _c24x30cm
_a248p.
366 _efre
366 _eeng
490 _v1996
_x1132-8428
_a10
505 _tTerritorios
505 _tEl Desajuste de Europa
505 _tEuropa
505 _tPeter Holst Henckel
505 _tComo la Bala de un revolver
505 _tShimon Attie
505 _tEl Desierto de los Italianos
505 _tProyecto de Laura Torrado para Atlántica
505 _tNotas después del rodaje
505 _tGuerrarquitectura
505 _tEl ARTE, El Artificio y La Artillería
505 _tNexus
505 _tEt Nox Facta Est
505 _tManos Limpias
505 _tProyecto de Raul Speek para Atalanta
505 _tProyecto de Marc Latamie para Atlántica
505 _tPeriferias de segundo orden
505 _tBrancusi en Fleitas
505 _tProyecto de Luis Sosa para Atlántica
505 _tPedro Gonzalez en el Corazon del Bosque
505 _tRevista
505 _tInez Van Lamsweerde
505 _tProyecto de ira tierra para Atlántica
505 _tUn Minimalista Herético
505 _tCuerpo y Cosmos
505 _tDesarraigados
505 _tNelson Domingues
505 _tProyecto de Yero para Atlántica
505 _tEntrevista con Dokoupil
505 _tProyecto de Isidro Blasco para Atlántica
505 _tMirada al Caribe, desde para Atlántica
650 _2Tesauro de Arte & Arquitectura
_aARTE
_9703
650 _2Tesauro de Arte & Arquitectura
_aEXPOSICIONES
650 _2Tesauro de Arte & Arquitectura
_aCULTURA
650 _2Tesauro de Arte & Arquitectura
_aAPRECIACION
650 _2Tesauro de Arte & Arquitectura
_aTEORIA
650 _2Tesauro de Arte & Arquitectura
_aCRITICA
650 _2Tesauro de Arte & Arquitectura
_aFOTOGRAFIA
_9702
650 _2Tesauro de Arte & Arquitectura
_aLITERATURA
650 _2Tesauro de Arte & Arquitectura
_aESPAÑA
942 _2ddc
_c1
_h700
_iZ39a
_n0
999 _c3401
_d3401